Statystyki dla Wymień skoczków, którzy wygrali Turniej 4 Skoczni!

Kliknij tutaj aby rozwiązać quiz!

Ogólne statystyki

  • Ten quiz został rozwiązany 44 razy
  • Średni wynik to 19 z 70

Statystyki odpowiedzi

SezonSkoczek% Poprawnych
2020/2021Kamil Stoch
100%
2017/2018Kamil Stoch
100%
2016/2017Kamil Stoch
100%
2000/2001Adam Małysz
88%
2019/2020Dawid Kubacki
80%
2007/2008Janne Ahonen
68%
1998/1999Janne Ahonen
68%
2002/2003Janne Ahonen
68%
2004/2005Janne Ahonen
68%
2010/2011Thomas Morgenstern
65%
2012/2013Gregor Schlierenzauer
63%
2011/2012Gregor Schlierenzauer
63%
2014/2015Stefan Kraft
63%
2015/2016Peter Prevc
58%
2021/2022Ryoyu Kobayashi
55%
2018/2019Ryoyu Kobayashi
55%
2001/2002Sven Hannawald
45%
2009/2010Andreas Kofler
40%
2013/2014Thomas Diethart
40%
1995/1996Jens Weißflog
38%
1990/1991Jens Weißflog
38%
1984/1985Jens Weißflog
38%
1983/1984Jens Weißflog
38%
1982/1983Matti Nykanen
38%
1987/1988Matti Nykanen
38%
1992/1993Andreas Goldberger
35%
1994/1995Andreas Goldberger
35%
2008/2009Wolfgang Loitzl
35%
1996/1997Primoz Peterka
33%
1993/1994Espen Bredesen
28%
2006/2007Anders Jacobsen
25%
1997/1998Kazuyoshi Funaki
25%
1999/2000Andreas Widholzl
18%
1989/1990Dieter Thoma
15%
1980/1981Hubert Neuper
15%
1979/1980Hubert Neuper
15%
2003/2004Sigurd Pettersen
15%
1966/1967Bjorn Wirkola
8%
1968/1969Bjorn Wirkola
8%
1967/1968Bjorn Wirkola
8%
2005/2006Janne Ahonen, Jakub Janda
8%
1991/1992Toni Nieminen
8%
1986/1987Ernst Vettori
3%
1985/1986Ernst Vettori
3%
1973/1974Hans-Georg Aschenbach
3%
1960/1961Helmut Recknagel
3%
1958/1959Helmut Recknagel
3%
1957/1958Helmut Recknagel
3%
1970/1971Jiri Raska
3%
1953Josef Bradl
3%
1961/1962Eino Kirjonen
0%
1954/1955Hemmo Silvennoinen
0%
1969/1970Horst Queck
0%
1971/1972Ingolf Mork
0%
1976/1977Jochen Danneberg
0%
1975/1976Jochen Danneberg
0%
1977/1978Kari Ylianttila
0%
1981/1982Manfred Deckert
0%
1959/1960Max Bolkart
0%
1955/1956Nikołaj Kamienski
0%
1953/1954Olaf B. Bjornstad
0%
1978/1979Pentti Kokkonen
0%
1956/1957Pentti Uotinen
0%
1972/1973Rainer Schmidt
0%
1988/1989Risto Laakkonen
0%
1962/1963Toralf Engan
0%
1964/1965Torgeir Brandtzaeg
0%
1965/1966Veikko Kankkonen
0%
1963/1964Veikko Kankkonen
0%
1974/1975Willi Purstl
0%

Rozkład punktacji

Percentyl według liczby udzielonych odpowiedzi

Procent ludzi z każdym wynikiem

Twoja historia wyników

Nie rozwiązałeś tego quizu